Československé zahradnické listy ústřední odborný časopis pro veškerá odvětví a povšechné zájmy zahradnictví československého

Bibliographic Details
New Title:Zahradnické listy
Previous Title:České zahradnické listy
Format: Serial
Language:Czech
PhysicalDescription:19 zv. cm
Published: Praha Ferdinand Macháček 1919-1937
ISSN:1210-8138
1210-812X
2533-6886
Subjects:

MARC

LEADER 00000cas a2200000 a 4500
001 vtls008307634
003 SK-MaSNL
005 20260311075410.0
008 051107d19191937xr wr 0 0cze c
022 |a 1210-8138 
040 |a SNK  |b slo  |c SNK  |e AACR2 
041 0 |a cze 
043 |a e-cs--- 
044 |a xr  |c CZ 
072 7 |a 635  |x Záhradkárstvo  |2 konspekt 
072 7 |a 633  |x Rastlinná výroba  |2 konspekt 
080 |a 635  |2 2011 
080 |a 633/635  |2 2011 
080 |a (051)-048.55  |2 2011 
080 |a 050  |2 2011 
080 |a (437)  |2 2011 
210 0 |a Českoslov. zahrad. listy 
222 0 |a Československé zahradnické listy 
245 0 0 |a Československé zahradnické listy  |b ústřední odborný časopis pro veškerá odvětví a povšechné zájmy zahradnictví československého 
260 |a Praha  |b Ferdinand Macháček  |c 1919-1937 
300 |a 19 zv.  |c cm 
310 |a 1x týždenne 
362 0 |a Roč. 16 (1919)-roč. 34 (1937) 
500 |a Zmeny podnázvu: Ústřední odborný časopis pro veškerá odvětví zahradnictví a povznesení jich v republice československé : neodvislý orgán, hájicí zájmy stavu zahradnického. Oznamovatel odborných korporací a učelišť 
650 0 7 |a záhradníctvo  |2 SNKPH  |9 2729 
651 7 |a Československo  |2 SNKPHgeo  |9 21376 
655 7 |a špecializované časopisy  |2 SNKPH  |9 70509 
780 0 0 |t České zahradnické listy  |x 1210-812X 
785 0 0 |t Zahradnické listy  |x 2533-6886 
910 |a snk 
999 |c 712  |d 712 
952 |t č. 1-52  |a SNK  |b SNK  |y PREZ  |7 0  |p 17A0490185  |o snkČB 807/27/1930  |i snkF 5743/79  |8 5  |0 0  |1 1  |4 0  |d 2005-11-07  |l 0  |r 2026-02-21 19:30:23  |w 2026-02-21 
952 |t č. 1-52  |a SNK  |b SNK  |y PREZ  |7 0  |p 17A0490213  |o snkČB 807/29/1932  |i snkF 2246/79  |8 5  |0 0  |1 1  |4 0  |d 2005-11-07  |l 0  |r 2026-02-21 19:30:23  |w 2026-02-21 
952 |t č. 1-22  |a SNK  |b SNK  |y PREZ  |7 0  |p 17A0490184  |o snkČB 807/1(42)/1948  |i snk313/49  |0 0  |1 1  |4 0  |d 2005-11-07  |l 0  |r 2026-02-21 19:30:23  |w 2026-02-21 
952 |t č. 1-52  |a SNK  |b SNK  |y PREZ  |7 0  |p 17A0490183  |o snkČB 807/42/1949  |i snk7141/50  |0 0  |1 1  |4 0  |d 2005-11-07  |l 0  |r 2026-02-21 19:30:23  |w 2026-02-21 
952 |t č. 1-52  |a SNK  |b SNK  |y PREZ  |7 0  |p 17A0490180  |o snkČB 807/43/1950  |i snk76/51  |0 0  |1 1  |4 0  |d 2005-11-07  |l 0  |r 2026-02-21 19:30:23  |w 2026-02-21 
952 |t č. 1-52  |a SNK  |b SNK  |y PREZ  |7 0  |p 17A0490178  |o snkČB 807/44/1951  |i snk373/52  |0 0  |1 1  |4 0  |d 2005-11-07  |l 0  |r 2026-02-21 19:30:23  |w 2026-02-21 
952 |t č. 1-18  |a SNK  |b SNK  |y PREZ  |7 0  |p 17A0490282  |o snkČB 807/45/1952  |i snk484/53  |0 0  |1 1  |4 0  |d 2005-11-07  |l 0  |r 2026-02-21 19:30:23  |w 2026-02-21